000
00258nam a2200121Ia 4500
008
231129s1980||||xx |||||||||||||| ||spa||
040
_b
fre
082
_a
R 443.1 B554
245
0
_a
La Bescherelle
260
_c
1980
264
_a
Hatier.
942
_2
ddc
_c
BKS
999
_c
16469
_d
16469